[Event "Politiken Cup 33rd"]
[Site "Helsingor"]
[Date "2011.07.31"]
[Round "3"]
[White "Christensen, Benjamin"]
[Black "Ramme, Christoph"]
[Result "1-0"]
[WhiteElo "1880"]
[BlackElo "2108"]
[PlyCount "65"]
[EventDate "2011.07.30"]
[EventType "swiss"]
[EventRounds "10"]
[EventCountry "DEN"]
[SourceTitle "CBM 143 Extra"]
[Source "ChessBase"]
[SourceDate "2011.08.29"]
[SourceVersion "1"]
[SourceVersionDate "2011.08.29"]
[SourceQuality "1"]

1. e4 c5 2. Nf3 d6 3. d4 cxd4 4. Nxd4 Nf6 5. Nc3 g6 6. Be3 Bg7 7. f3 Nc6 8. Qd2 Qa5 9. Nb3 Qc7 10. g4 Ne5 11. Be2 Be6 12. 0-0-0 Bc4 13. g5 Nfd7 14. f4 Bxe2 15. Qxe2 Nc4 16. Bd4 Bxd4 17. Rxd4 Na5 18. Nxa5 Qxa5 19. Rd5 Qc7 20. Rhd1 Nb6 21. R5d4 a6 22. f5 Rd8 23. e5 0-0 24. exd6 Rxd6 25. Rxd6 exd6 26. Ne4 d5 27. Nf6+ Kg7 28. Qf2 h6 29. gxh6+ Kxh6 30. Qh4+ Kg7 31. Ne8+ Rxe8 32. f6+ Kg8 33. Qh6 1-0

[Event "Politiken Cup 33rd"]
[Site "Helsingor"]
[Date "2011.07.31"]
[Round "2"]
[White "Guttulsrud, Odd Martin"]
[Black "Christensen, Benjamin"]
[Result "1-0"]
[WhiteElo "2177"]
[BlackElo "1880"]
[PlyCount "51"]
[EventDate "2011.07.30"]
[EventType "swiss"]
[EventRounds "10"]
[EventCountry "DEN"]
[SourceTitle "CBM 143 Extra"]
[Source "ChessBase"]
[SourceDate "2011.08.29"]
[SourceVersion "1"]
[SourceVersionDate "2011.08.29"]
[SourceQuality "1"]

1. e4 c5 2. Nf3 d6 3. d4 cxd4 4. Nxd4 Nf6 5. Nc3 g6 6. Be3 Bg7 7. f3 0-0 8. Qd2 Nc6 9. 0-0-0 Bd7 10. g4 Rc8 11. h4 Ne5 12. Kb1 b5 13. h5 Nc4 14. Bxc4 bxc4 15. Ka1 Rb8 16. Rb1 a5 17. Bh6 e5 18. Nde2 Be6 19. hxg6 fxg6 20. Bxg7 Kxg7 21. Qh6+ Kf7 22. g5 Nh5 23. Qxh7+ Ng7 24. Rh6 Qxg5 25. Rg1 Rh8 26. Rxg5 1-0